| 000 | 003180000a22001090004500 | ||
|---|---|---|---|
| 773 | 0 | _tPaso a Paso | |
| 100 | 1 | _aMiner, Philippa | |
| 245 | 1 | 0 | _aApoyo a niños húerfanos de Camboya |
| 300 | _aVol.0, núm.72 (Noviembre, 2007), Página 6 | ||
| 500 | _aTrabajo por medio de la iglesia local, Sostenibilidad | ||
| 942 | _cANA | ||
| 999 |
_c62490 _d62490 |
||